Statistics for WWE moves quiz 2019

Click here to take the quiz!

General Stats

  • This quiz has been taken 102 times
  • The average score is 13 of 15

Answer Stats

hintanwser% Correct
spearroman reigns
100%
rkorandy orton
98%
tombstone piledriverundertaker
95%
f5brock lesnar
94%
styles clashaj styles
92%
twisted blissalexa bliss
92%
bayley to bellybayle
92%
twisted abigailbray wyatt
91%
trouble in paradisekofi kingston
88%
dis arm herbecky lynch
86%
running powerslambraun strowman
86%
figure eightcharlotte flair
86%
stunnerkevin owens
86%
curb stompseth rollins
85%
arm barronda rousey
69%

Score Distribution

Percentile by Number Answered

Percent of People with Each Score

Your Score History

You have not taken this quiz